<?xml version="1.0" encoding="UTF-8"?>
<collection xmlns="http://www.loc.gov/MARC21/slim">
  <record>
    <leader>00000nam  2200000   4500</leader>
    <controlfield tag="001">INLIS000000000018445</controlfield>
    <controlfield tag="005">20241118083149</controlfield>
    <datafield tag="035" ind1="#" ind2="#">
      <subfield code="a">0010-1124000111</subfield>
    </datafield>
    <controlfield tag="007">ta</controlfield>
    <controlfield tag="008">241118###########################0######</controlfield>
    <datafield tag="245" ind1="#" ind2="#">
      <subfield code="a">Opera PBL Polinef :</subfield>
      <subfield code="b">Optimalisasi Mata Kuliah Praktikum melalui RPS PBL di Jurusan Teknik Sipil Politeknik Negeri Fakfak /</subfield>
      <subfield code="c">Aqilah Attamimi, S.ST., M.Sc</subfield>
    </datafield>
    <datafield tag="260" ind1="#" ind2="#">
      <subfield code="a">Makassar :</subfield>
      <subfield code="b">Puslatbang KMP LAN RI,</subfield>
      <subfield code="c">2024</subfield>
    </datafield>
    <datafield tag="300" ind1="#" ind2="#">
      <subfield code="a">31 ;</subfield>
      <subfield code="c">30</subfield>
    </datafield>
    <datafield tag="650" ind1="#" ind2="4">
      <subfield code="a">Peningkatan mutu jurusan dengan konsisten, efektif dan efisien menjadi proses kerja rutin yang harus terlaksna</subfield>
    </datafield>
    <datafield tag="700" ind1=" " ind2="#">
      <subfield code="a">Budiman, S.T., M.T (Mentor)</subfield>
    </datafield>
    <datafield tag="700" ind1=" " ind2="#">
      <subfield code="a">Andi Wahyudin, S.E., M.Si (Coach)</subfield>
    </datafield>
    <datafield tag="520" ind1="#" ind2="#">
      <subfield code="a">Kegiatan Aktualisasi ini dilatarbelakangi berdasarkan permasalahan belum optimalnya implementasi metode PBL (Project Base Learning) di lingkungan Jurusan Selama dua tahun terakhir, Jurusan Teknik Sipil mengimplementasikan PBL namun hal ini belum terjadi secara optimal. Hal ini dapat terlihat dari hasil capaian pembelajaran yang terdapat di Jurusan Teknik Sipil belum menerapkan proses penilaian secara spesifik sesuai dengan prinsip-prinsip PBL. Rubrik penilaian yang digunakan DTPS masih mengacu secara general pada peraturan akademik Politeknik Negeri Fakfak. Hal ini perlu dioptimalkan dengan tata kelola organiasi yang baik. salah satu pengoptimalan yang dapat dilakukan adalah dengan menyiapkan RPS PBL yang lebih lengkap dengan rubrik penilaian yang sesuai dengan prinsip PBL. Pengoptimalam mata kuliah praktikum melalui implementasi RPS PBL ini menjadi penting karena RPS PBL menjadi alat ukur (indikator) pemenuhan standar yang berlaku melalui peningkatan mutu jurusan dengan konsisten, efektif dan efisien menjadi proses kerja rutin yang harus terlaksana.&#13;
&#13;
Laporan Hasil aktualisasi diharapkan menjadi media untuk mengaktualisasikan nilai-nilai dasar ASN dalam melaksanakan tugas dan fungsinya, sehingga tujuan pelaksanaan kegiatan aktualisasi adalah:&#13;
&#13;
1. Mampu menemukan, menganalisis dan menyelesaikan isu di lingkungan kerja dengan aktualisasi kegiatan penyelesaian isu yang dikaitkan dengan nilai dasar ASN yaitu Ber-Akhlak serta kedudukan dan peran ASN dalam NKRI yang mencakup Smart ASN dan Manajemen ASN.&#13;
&#13;
2. Menyusun RPS PBL Mata Kuliah praktikum yang lebih lengkap di Jurusan Teknik Sipil Politeknik Negeri Fakfak.&#13;
&#13;
3. Mencapai Visi, Misi dan Nilai Organisasi Politeknik Negeri Fakfak.</subfield>
    </datafield>
    <datafield tag="856" ind1="#" ind2="#">
      <subfield code="a">Puslatbang KMP LAN</subfield>
    </datafield>
  </record>
</collection>
